<?xml version="1.0" encoding="UTF-8"?>
<record
    xmlns:xsi="http://www.w3.org/2001/XMLSchema-instance"
    xsi:schemaLocation="http://www.loc.gov/MARC21/slim http://www.loc.gov/standards/marcxml/schema/MARC21slim.xsd"
    xmlns="http://www.loc.gov/MARC21/slim">

  <leader>     nam a22     7a 4500</leader>
  <datafield tag="999" ind1=" " ind2=" ">
    <subfield code="c">45149</subfield>
    <subfield code="d">45149</subfield>
  </datafield>
  <controlfield tag="003">OSt</controlfield>
  <controlfield tag="005">20190403124542.0</controlfield>
  <controlfield tag="008">190403b        xxu||||| |||| 00| 0 eng d</controlfield>
  <datafield tag="040" ind1=" " ind2=" ">
    <subfield code="c">sero soft</subfield>
  </datafield>
  <datafield tag="100" ind1=" " ind2=" ">
    <subfield code="a">Ruhela,S.p</subfield>
  </datafield>
  <datafield tag="245" ind1=" " ind2=" ">
    <subfield code="a">teacher in the imarging indian society</subfield>
  </datafield>
  <datafield tag="300" ind1=" " ind2=" ">
    <subfield code="a">228</subfield>
  </datafield>
  <datafield tag="942" ind1=" " ind2=" ">
    <subfield code="2">ddc</subfield>
    <subfield code="c">02</subfield>
  </datafield>
  <datafield tag="952" ind1=" " ind2=" ">
    <subfield code="0">0</subfield>
    <subfield code="1">0</subfield>
    <subfield code="2">ddc</subfield>
    <subfield code="4">0</subfield>
    <subfield code="7">0</subfield>
    <subfield code="a">05</subfield>
    <subfield code="b">05</subfield>
    <subfield code="d">2019-04-03</subfield>
    <subfield code="e">loyal book depot meerut</subfield>
    <subfield code="g">125.00</subfield>
    <subfield code="i">8620--24/06/08</subfield>
    <subfield code="l">0</subfield>
    <subfield code="p">05-B-15051</subfield>
    <subfield code="r">2019-04-03</subfield>
    <subfield code="w">2019-04-03</subfield>
    <subfield code="y">02</subfield>
  </datafield>
  <datafield tag="952" ind1=" " ind2=" ">
    <subfield code="0">0</subfield>
    <subfield code="1">0</subfield>
    <subfield code="2">ddc</subfield>
    <subfield code="4">0</subfield>
    <subfield code="7">0</subfield>
    <subfield code="a">05</subfield>
    <subfield code="b">05</subfield>
    <subfield code="d">2019-04-03</subfield>
    <subfield code="e">loyal book depot meerut</subfield>
    <subfield code="g">125.00</subfield>
    <subfield code="i">8620--24/06/08</subfield>
    <subfield code="l">0</subfield>
    <subfield code="p">05-B-15052</subfield>
    <subfield code="r">2019-04-03</subfield>
    <subfield code="w">2019-04-03</subfield>
    <subfield code="y">02</subfield>
  </datafield>
  <datafield tag="952" ind1=" " ind2=" ">
    <subfield code="0">0</subfield>
    <subfield code="1">0</subfield>
    <subfield code="2">ddc</subfield>
    <subfield code="4">0</subfield>
    <subfield code="7">0</subfield>
    <subfield code="a">05</subfield>
    <subfield code="b">05</subfield>
    <subfield code="d">2019-04-03</subfield>
    <subfield code="e">loyal book depot meerut</subfield>
    <subfield code="g">125.00</subfield>
    <subfield code="i">8620--24/06/08</subfield>
    <subfield code="l">0</subfield>
    <subfield code="p">05-B-15053</subfield>
    <subfield code="r">2024-07-10</subfield>
    <subfield code="w">2019-04-03</subfield>
    <subfield code="y">02</subfield>
  </datafield>
  <datafield tag="952" ind1=" " ind2=" ">
    <subfield code="0">0</subfield>
    <subfield code="1">0</subfield>
    <subfield code="2">ddc</subfield>
    <subfield code="4">0</subfield>
    <subfield code="7">0</subfield>
    <subfield code="a">05</subfield>
    <subfield code="b">05</subfield>
    <subfield code="d">2019-04-03</subfield>
    <subfield code="e">loyal book depot meerut</subfield>
    <subfield code="g">125.00</subfield>
    <subfield code="i">8620--24/06/08</subfield>
    <subfield code="l">0</subfield>
    <subfield code="p">05-B-15054</subfield>
    <subfield code="r">2019-04-03</subfield>
    <subfield code="w">2019-04-03</subfield>
    <subfield code="y">02</subfield>
  </datafield>
</record>
